000 00493nam a2200193Ia 4500
005 20260429111951.0
008 260429s9999||||xx |||||||||||||| ||und||
020 _a9781260565522
041 _aEnglish
082 _a331
_bBOR
100 _aBorjas, George J.
245 0 _aLabor economics /
_cGeorge J. Borjas
250 _a8th ed.
260 _aUnited States :
_bMcGraw Hill,
_c2020.
300 _axvi, 478 p.; pbk
650 _a Labour economics
650 _aEconomics
942 _cTB
999 _c51665
_d51665